| 000 | 00684nam a2200205 a 4500 | ||
|---|---|---|---|
| 001 | BRCA_2691 | ||
| 005 | 20190320203926.0 | ||
| 008 | 021208s1961----ilua---###---#000-0#eng-u | ||
| 050 | 4 |
_aN530 _b.P35 1961 |
|
| 245 | 1 | 0 |
_aPaintings in the Art Institute of Chicago _ba catalogue of the picture collection _cArt Institute of Chicago. |
| 260 |
_aChicago, Illinois _bArt Institute of Chicago _c1961 |
||
| 300 |
_a490 p. _bil. _c23 cm. |
||
| 500 | _aIncluye índice de ilustraciones. | ||
| 500 | _aAA45 | ||
| 650 | 1 | 4 |
_aPinturas _zChicago, Illinois _97623 |
| 650 | 1 | 4 |
_aGalerías y museos _zEstados Unidos _97437 |
| 710 | 2 |
_aArt Institute of Chicago. _97624 |
|
| 902 | _aGFM | ||
| 942 |
_2lcc _cB |
||
| 999 |
_c2431 _d2431 |
||